[Event "Cto. Navarra por equipos - Division Hono"]
[Site "?"]
[Date "2017.11.04"]
[Round "4"]
[White "Martinez Bernardo, Aitor"]
[Black "Lizuain Toni, Javier"]
[Result "1/2-1/2"]
[WhiteElo "1976"]
[BlackElo "1834"]

1.c4 e5 2.g3 Nc6 3.Bg2 Bc5 4.Nc3 a6 5.Nf3 d6 6.d3 Ba7 7.Rb1 Rb8 8.b4 Bd7 9.a4 f5
10.e3 Nf6 11.O-O O-O 12.b5 Ne7 13.Qb3 Kh8 14.a5 Nc8 15.Bd2 Be6 16.Qb4 Nd7 17.Na4
axb5 18.cxb5 Bc5 19.Nxc5 dxc5 20.Qb2 e4 21.Ne5 Nd6 22.Bc3 Qe7 23.dxe4 fxe4
24.Nxd7 Bxd7 25.b6 Bb5 26.bxc7 Qxc7 27.Rfd1 Bd3 28.Be5 Rbd8 29.Rbc1 c4 30.Bf1
Qf7 31.Bxd6 Rxd6 32.Rd2 Rfd8 33.Bxd3 cxd3 34.Qe5 Re6 35.Qg5 Ra8 36.Qd5 Rae8
37.Rb1 R6e7 38.Qd4 h6 39.h4 Rc7 40.Rbd1 Qe7 41.Qa4 Ra8 42.Rb1 Qe5 43.Rb5 Qc3
44.Qb4 Qc1 45.Kg2 Rc4 46.Qb2 Qxb2 47.Rdxb2 Rd8 48.Rd2 Ra4 49.Rxb7 Rxa5 50.Re7
Ra4 51.f3 exf3 52.Kxf3 Rf8 53.Kg2 Rd8 54.e4 Kg8 55.Kf3 Kf8 56.Re5 Rad4 57.Ke3
Kf7 58.Rd5 1/2-1/2

[Event "Cto. Navarra por equipos - Division Hono"]
[Site "?"]
[Date "2017.11.04"]
[Round "4"]
[White "Bejines Lopez, Carlos"]
[Black "Arriazu Dominguez, Ivan"]
[Result "0-1"]
[WhiteElo "1380"]
[BlackElo "1834"]

1.e4 g6 2.d4 Bg7 3.Be3 d6 4.Nf3 Nf6 5.Bd3 O-O 6.Qc1 Nbd7 7.Bh6 Bxh6 8.Qxh6 e5
9.c3 exd4 10.cxd4 Re8 11.O-O Nf8 12.Nc3 Bg4 13.Qf4 Ne6 14.Qe3 Bxf3 15.gxf3 Nh5
16.Ne2 Qf6 17.e5 dxe5 18.dxe5 Qg5 19.Qxg5 Nxg5 20.f4 Nh3 21.Kh1 N5xf4 22.Nxf4
Nxf4 23.Bc4 Rxe5 24.Rad1 Rae8 25.Rd7 R8e7 26.Rd8 Kg7 27.Ra8 a5 28.Kg1 Rg5 29.Kh1
Nh3 30.f4 Rg4 31.Rxa5 Re1 32.Rg5 Rxf1 33.Bxf1 Nf2 0-1

[Event "Cto. Navarra por equipos - Division Hono"]
[Site "?"]
[Date "2017.11.04"]
[Round "4"]
[White "Soler Huguet, Carlos Francisco"]
[Black "Lopez Garcia, Manu"]
[Result "1-0"]
[WhiteElo "1774"]
[BlackElo "1078"]

1.b4 Nf6 2.Bb2 d6 3.Nc3 g6 4.Nf3 Bg7 5.Ne4 e5 6.Ng3 O-O 7.e4 a6 8.Be2 Nc6 9.a3
h6 10.d3 Be6 11.Qd2 Qd7 12.h4 h5 13.d4 exd4 14.Nxd4 Ne5 15.O-O-O Nfg4 16.Rdf1
Nc4 17.Bxc4 Bxc4 18.Rd1 Bh6 19.f4 Rae8 20.Kb1 d5 21.Rhe1 Qd8 22.Nf3 dxe4 23.Qc3
Bd5 24.Qh8 1-0

[Event "Cto. Navarra por equipos - Division Hono"]
[Site "?"]
[Date "2017.11.11"]
[Round "5"]
[White "Ortin Blanco, Inigo"]
[Black "Cortes Bueno, Jesus Javier"]
[Result "0-1"]
[WhiteElo "2261"]
[BlackElo "2191"]

1.d4 d6 2.e4 Nf6 3.Nc3 g6 4.h3 Bg7 5.Be3 c6 6.Qd2 b5 7.Bd3 Nbd7 8.Nf3 Bb7 9.e5
b4 10.Na4 Nd5 11.Bc4 Nxe3 12.Qxe3 dxe5 13.dxe5 e6 14.O-O-O Qe7 15.Kb1 O-O 16.h4
h6 17.h5 g5 18.Rxd7 Qxd7 19.Nc5 Qe7 20.Nxb7 Qxb7 21.Nxg5 Qb6 22.Qe4 Rfe8 23.Qh7
Kf8 24.Ne4 Qd4 25.Nf6 Bxf6 26.exf6 Qxf6 27.Rh3 Rad8 28.Bd3 Rd4 29.Rg3 Red8
30.Rg8 Ke7 31.Qg7 Qxg7 32.Rxg7 Rh4 33.b3 Kf6 34.Rh7 Rxh5 35.g4 Rh4 36.f3 a5
37.Kc1 c5 38.Kd2 a4 39.Ke3 a3 40.f4 Ke7 41.Kf3 Rh3 42.Ke2 Rh4 43.Kf3 Rg8 44.g5
hxg5 45.fxg5 Rxh7 46.Bxh7 Rxg5 47.Ke3 f5 0-1

[Event "Cto. Navarra por equipos - Division Hono"]
[Site "?"]
[Date "2017.11.11"]
[Round "5"]
[White "Vila Dupla, Aurelio"]
[Black "Roldan Marques, Daniel"]
[Result "1-0"]
[WhiteElo "2139"]
[BlackElo "2189"]

1.Nf3 Nf6 2.c4 e6 3.g3 b6 4.Bg2 Bb7 5.O-O Be7 6.b3 O-O 7.Bb2 c5 8.e3 d5 9.Qe2
Nc6 10.Rd1 dxc4 11.bxc4 Qc7 12.Nc3 Rac8 13.d3 Rfd8 14.Rd2 Nd7 15.g4 Qb8 16.Ne4
Nce5 17.Nxe5 Nxe5 18.f4 Ng6 19.f5 Nh4 20.f6 Bd6 21.Bh1 Be5 22.Qf2 Bxb2 23.Rxb2
Qe5 24.fxg7 Kxg7 25.Rf1 f5 26.Ng5 Bxh1 27.Qxh4 h6 28.Kxh1 Rh8 29.Nxe6 Qxe6
30.Rg2 Qxe3 31.gxf5 Kf7 32.Re1 1-0

[Event "Cto. Navarra por equipos - Division Hono"]
[Site "?"]
[Date "2017.11.11"]
[Round "5"]
[White "Sesma Rubio, Patxi"]
[Black "Ugalde Ezcurra, Jose Miguel"]
[Result "1/2-1/2"]
[WhiteElo "2150"]
[BlackElo "2119"]

1.d4 e6 2.Nf3 f5 3.c4 Nf6 4.g3 d6 5.Bg2 Be7 6.Nc3 O-O 7.O-O a5 8.Qc2 Nc6 9.Rd1
Qe8 10.e4 Nb4 11.Qe2 fxe4 12.Nxe4 Nxe4 13.Qxe4 e5 14.dxe5 Bf5 15.Qxb7 Qd7
16.exd6 Bxd6 17.Rxd6 cxd6 18.Qxd7 Bxd7 19.Bf4 Bc6 20.Rd1 Nxa2 21.Rxd6 Nb4 22.Ne5
Bxg2 23.Kxg2 Rfc8 24.Be3 a4 25.Bd2 Na2 26.Be3 Nb4 27.h4 a3 28.bxa3 Rxa3 29.Bc5
Ra4 30.Bb6 Ra2 31.c5 Re2 32.Nf3 Nc6 33.g4 h6 34.Kg3 Kf7 35.g5 Re6 36.Rd7 Re7
37.Rd1 h5 38.Nh2 Ra8 39.Rd2 Ra3 40.f3 Ne5 41.c6 Nc4 42.Bc5 Nxd2 43.Bxa3 Rc7
44.Bb4 Nc4 45.f4 g6 46.Nf3 Rxc6 47.Nd4 Ra6 1/2-1/2

[Event "Cto. Navarra por equipos - Division Hono"]
[Site "?"]
[Date "2017.11.11"]
[Round "5"]
[White "Munoz Arana, Miguel"]
[Black "Ortin Blanco, Ainhoa"]
[Result "1/2-1/2"]
[WhiteElo "2074"]
[BlackElo "2043"]

1.e4 c5 2.Nf3 Nc6 3.d4 cxd4 4.Nxd4 g6 5.Nc3 Bg7 6.Be3 Nf6 7.Bc4 O-O 8.Bb3 Re8
9.f3 e6 10.f4 e5 11.fxe5 Nxe5 12.O-O a6 13.Qd2 Nfg4 14.Bg5 Qb6 15.Nd5 Qd6 16.Bf4
Kh8 17.c3 b5 18.h3 Nf6 19.Nxf6 Bxf6 20.Bxf7 Rf8 21.Bd5 Rb8 22.Bh6 Re8 23.Qf4 Rb6
24.Rad1 Qe7 25.Rd2 Bg7 26.Bxg7 Kxg7 27.Qg3 Kh8 28.Rdf2 b4 29.Qe3 Qg7 30.Nf5 gxf5
31.Qxb6 fxe4 32.Qf6 Nf3 33.Rxf3 exf3 34.Qxg7 Kxg7 35.Rxf3 Re5 36.c4 d6 37.Kf2
Be6 38.Bxe6 Rxe6 39.Rd3 h5 40.Rd5 h4 41.b3 Rf6 42.Ke3 Rg6 43.Kf3 Rg3 44.Kf2 Rc3
45.Ra5 Kf6 46.Rxa6 Ke5 47.Rb6 Kf4 48.Rxd6 Rc2 49.Kf1 Rxa2 50.Rf6 Ke3 51.Rf3 Ke4
52.Kg1 Rb2 53.Kf1 Rb1 54.Kf2 Rb2 55.Kf1 Rb1 56.Kf2 Rb2 1/2-1/2

[Event "Cto. Navarra por equipos - Division Hono"]
[Site "?"]
[Date "2017.11.11"]
[Round "5"]
[White "Laguardia Ortega, Moises"]
[Black "Unanua Garcia, Pedro"]
[Result "1/2-1/2"]
[WhiteElo "2030"]
[BlackElo "2105"]

1.e4 e6 2.d4 d5 3.Bd3 c5 4.exd5 Qxd5 5.Nc3 Qd8 6.Nf3 Nc6 7.Be3 cxd4 8.Nxd4 Nxd4
9.Bxd4 Nf6 10.Bxf6 gxf6 11.Bb5 Bd7 12.Bxd7 Qxd7 13.Qxd7 Kxd7 14.Ke2 Bb4 15.Ne4
Ke7 16.c3 f5 17.cxb4 fxe4 18.Rac1 Rac8 19.Rc3 Rxc3 20.bxc3 Rc8 21.Rc1 b5 22.Ke3
1/2-1/2

[Event "Cto. Navarra por equipos - Division Hono"]
[Site "?"]
[Date "2017.11.11"]
[Round "5"]
[White "Vinal Gutierrez, Pedro"]
[Black "Garrido Lasheras, David"]
[Result "1/2-1/2"]
[WhiteElo "2041"]
[BlackElo "2075"]

1.e4 c5 2.Nc3 Nc6 3.Bb5 a6 4.Bxc6 bxc6 5.d3 g6 6.f4 Bg7 7.Nf3 Rb8 8.O-O Nf6 9.e5
Nd5 10.Ne4 d6 11.c4 Nc7 12.b3 Ne6 13.Be3 O-O 14.Qe2 Qa5 15.exd6 exd6 16.Rac1 Qc7
17.Qf2 Re8 18.Kh1 Nf8 19.Nh4 f5 20.Nc3 Bf6 21.Nf3 Qg7 22.Na4 Ne6 23.Rcd1 Bb7
24.Qd2 Nd4 25.Bxd4 Bxd4 26.Rde1 1/2-1/2

[Event "Cto. Navarra por equipos - Division Hono"]
[Site "?"]
[Date "2017.11.11"]
[Round "5"]
[White "Martinez Bernardo, Aitor"]
[Black "Garjon Modrego, Miguel"]
[Result "1/2-1/2"]
[WhiteElo "1976"]
[BlackElo "1895"]

1.c4 c6 2.g3 g6 3.Bg2 Bg7 4.Nc3 d6 5.e3 Nf6 6.Nge2 O-O 7.O-O e5 8.d4 Nbd7 9.b3
Re8 10.Bb2 Rb8 11.Qd2 a6 12.Rac1 Nf8 13.Rfd1 e4 14.d5 c5 15.a3 h5 16.h3 Bf5
17.Kh2 N8h7 18.Ng1 Qe7 19.Re1 g5 20.Nd1 Nd7 21.Bxg7 Kxg7 22.f4 gxf4 23.exf4 Nhf6
24.Ne3 Bg6 25.Ne2 Ng8 26.Nc3 f5 27.Qf2 Ngf6 28.h4 Ng8 29.Ncd1 Qf6 30.Qb2 Qxb2
31.Nxb2 Kf6 32.Nbd1 Ne7 33.Nf2 Nf8 34.Rc2 Red8 1/2-1/2

[Event "Cto. Navarra por equipos - Division Hono"]
[Site "?"]
[Date "2017.11.11"]
[Round "5"]
[White "Aguinaga Ruiz, Jesus Luis"]
[Black "Carcavilla Ledesma, Jose Angel"]
[Result "1-0"]
[WhiteElo "1894"]
[BlackElo "1835"]

1.d4 d5 2.Bf4 Bf5 3.e3 e6 4.c4 c6 5.Nc3 Nf6 6.Qb3 Qb6 7.c5 Qxb3 8.axb3 Nbd7 9.b4
Ne4 10.Nf3 f6 11.h4 h5 12.b5 e5 13.bxc6 bxc6 14.dxe5 Nxc3 15.bxc3 Nxc5 16.exf6
gxf6 17.Nd4 Bd7 18.Be2 a5 19.O-O Ne4 20.Rfc1 Bd6 21.Bxd6 Nxd6 22.Nb3 Nb7 23.Ra3
c5 24.c4 Ke7 25.cxd5 Kd6 26.Nd2 Ra7 27.Bf3 Bg4 28.Ne4 Ke5 29.Nxc5 Bxf3 30.gxf3
Nd6 31.Rd1 Nf5 32.Ra4 Rd8 33.Nb3 Rda8 34.Rda1 Ne7 35.Nxa5 Kxd5 36.Rd1 Ke6 37.Re4
Kf7 38.Nc4 Nf5 39.Rf4 Kg6 40.e4 Nh6 41.Ne3 Ra6 42.Kg2 Ng8 43.Rd7 R8a7 44.Rxa7
Rxa7 45.Rf5 Ra6 46.Nd5 Re6 47.Nf4 Kf7 48.Nxe6 Kxe6 49.Rxh5 Ne7 50.Ra5 Ng6 51.Kg3
Kf7 52.f4 Kg7 53.h5 Nf8 54.Ra7 Kh6 55.Rf7 Nh7 56.Rxh7 1-0

[Event "Cto. Navarra por equipos - Division Hono"]
[Site "?"]
[Date "2017.11.11"]
[Round "5"]
[White "Lisarri Tomas, Antonio"]
[Black "Sanchez Carayol, Jesus Carlos"]
[Result "0-1"]
[WhiteElo "1959"]
[BlackElo "2082"]

1.c4 c6 2.Nf3 Nf6 3.Nc3 d5 4.e3 e6 5.d4 a6 6.Bd3 dxc4 7.Bxc4 b5 8.Bd3 Bb7 9.a3
c5 10.dxc5 Bxc5 11.b4 Bd6 12.Bb2 O-O 13.O-O Qb6 14.Qe2 Nbd7 15.Rfd1 Ne5 16.e4
Nxd3 17.Rxd3 Be7 18.Rad1 Rfd8 19.Nd4 Rac8 20.Nb3 Rxd3 21.Rxd3 h6 22.e5 Nd5
23.Nxd5 Bxd5 24.Qd1 Qc6 25.Nd4 Qb7 26.Nf5 Rc7 27.Nd6 Qa8 28.Rg3 Bh4 29.Rg4 Bg5
30.h4 Bd8 31.h5 Qc6 32.Qd2 Kf8 33.Bd4 Qc1 34.Qxc1 Rxc1 35.Kh2 Be7 36.Rf4 f6
37.Bc5 Kg8 38.exf6 Bxf6 39.Rg4 Bc6 40.Be3 Rd1 41.Ne4 Bxe4 42.Rxe4 Kf7 43.Bc5 Rd3
44.Re2 Rxa3 45.Rd2 Be5 46.g3 Rb3 47.Rd7 Kf6 48.Bf8 Kf5 49.Kg2 Bc3 50.Bxg7 Bxg7
51.Rxg7 Rxb4 52.f3 Rb2 53.Kh3 a5 54.g4 Kf6 55.Rg6 Kf7 56.Rxh6 a4 57.g5 a3 58.Rf6
Ke7 59.Rg6 Rb4 60.h6 a2 61.h7 a1=Q 62.Rh6 Qh1 63.Kg3 Qg1 64.Kh3 Rb2 0-1

[Event "Cto. Navarra por equipos - Division Hono"]
[Site "?"]
[Date "2017.11.11"]
[Round "5"]
[White "Zamarbide Inarrea, Borja"]
[Black "Hernandez Barricarte, Miguel A"]
[Result "0-1"]
[WhiteElo "2048"]
[BlackElo "1902"]

1.e4 e6 2.d4 d5 3.Nc3 Nf6 4.Bg5 Be7 5.e5 Nfd7 6.Bxe7 Qxe7 7.Qg4 O-O 8.Bd3 c5
9.Nf3 h6 10.dxc5 Nc6 11.Qf4 Nxc5 12.O-O a6 13.Rfe1 Bd7 14.Qe3 Rac8 15.a3 b5
16.Ne2 Nxd3 17.cxd3 f6 18.Nf4 Qe8 19.exf6 Rxf6 20.d4 Ne7 21.Ne5 g5 22.Nxd7 Qxd7
23.Nxe6 Ng6 24.Nc5 Qf7 25.Rac1 Rf8 26.Nd3 Nf4 27.Ne5 Qe7 28.Rc5 Qd8 29.f3 Re8
30.Qb3 Rd6 31.Qc2 Qf6 32.Rc8 Rxc8 33.Qxc8 Rd8 34.Qc2 Re8 35.Rc1 Re7 36.g3 Ne6
37.Qc6 Kg7 38.Rd1 Nc7 39.Qc5 Qe6 40.Rf1 Ne8 41.f4 Nd6 42.Qc2 Ne4 43.f5 Qf6
44.Qd1 Qb6 45.Kg2 Nf6 46.Qd2 Rc7 47.h4 Ne4 48.Qd3 Qf6 49.Ng4 Qd6 50.f6 Kf8
51.Nxh6 gxh4 52.Nf5 Qd7 53.Nxh4 Qg4 54.Nf5 Rh7 55.Ng7 Qh3 56.Kf3 Qxg3 57.Ke2 Rh2
0-1

[Event "Cto. Navarra por equipos - Division Hono"]
[Site "?"]
[Date "2017.11.11"]
[Round "5"]
[White "Sola Plaza, Gregorio"]
[Black "Lopez Orois, Jose Manuel"]
[Result "0-1"]
[WhiteElo "1846"]
[BlackElo "2036"]

1.d4 d6 2.c4 e5 3.Nc3 exd4 4.Qxd4 Nc6 5.Qd2 Nf6 6.Nf3 g6 7.b3 Bg7 8.Bb2 O-O 9.g3
Bg4 10.Bg2 Qd7 11.O-O Rfe8 12.Rfe1 a5 13.a3 Bf5 14.Rad1 Rad8 15.Qc1 Qe7 16.Qa1
Qf8 17.Nb5 Qe7 18.Nxc7 Qxc7 19.Bxf6 Bxf6 20.Qxf6 Bc2 21.Rc1 Bxb3 22.Qh4 Kg7
23.Ng5 h6 24.Ne4 Qe7 25.Qxe7 Rxe7 26.Nd2 a4 27.e3 Ne5 28.Rc3 Rc8 29.Nxb3 axb3
30.Rxb3 Rxc4 31.Rd1 Rcc7 32.Kf1 Nc4 33.Ke2 Na5 34.Rb6 Nc4 35.Rb4 Nxa3 36.Rxd6
Rc2 37.Rd2 Rcc7 38.Rdb2 Nc4 39.Rc2 Na5 40.Rxc7 Rxc7 41.Kd3 Kf8 42.f4 Ke7 43.e4
Kd6 44.Rd4 Kc5 45.e5 b5 46.g4 Nc4 47.Rd5 Kb4 48.f5 Nb2 49.Kd2 gxf5 50.gxf5 Re7
51.f6 Rxe5 52.Rd7 Nc4 53.Kd3 Rg5 54.Ke4 Rxg2 0-1

[Event "Cto. Navarra por equipos - Division Hono"]
[Site "?"]
[Date "2017.11.11"]
[Round "5"]
[White "Argaya Urdaniz, Miguel"]
[Black "Igea Perez, Alfonso"]
[Result "0-1"]
[WhiteElo "1923"]
[BlackElo "1787"]

1.e4 c5 2.Nf3 e6 3.Nc3 Nc6 4.g3 d5 5.Bg2 d4 6.Ne2 Nf6 7.d3 Qc7 8.b3 Be7 9.O-O b5
10.Nf4 Bb7 11.Re1 Nd7 12.Qe2 Nce5 13.Nh3 Nxf3 14.Bxf3 O-O 15.Bg2 e5 16.f4 f6
17.f5 Nb6 18.Qh5 Bc6 19.Bf3 c4 20.Bd2 a5 21.Qh4 cxd3 22.cxd3 Ba3 23.Bc1 Bb4
24.Re2 Be8 25.Bb2 Bc3 26.Rc1 b4 27.Rcc2 Bb5 28.Nf2 a4 29.Bh5 axb3 30.axb3 Be8
31.g4 Bf7 32.Bxf7 Qxf7 33.g5 fxg5 34.Qxg5 Qf6 35.Qg3 Nd7 36.Ng4 Qg5 37.Bc1 Ra1
38.h4 Qf4 39.Qxf4 exf4 40.Kf2 h5 41.Nh2 Ne5 42.Bxf4 Nxd3 43.Kf3 Nxf4 44.Kxf4 d3
0-1

[Event "Cto. Navarra por equipos - Division Hono"]
[Site "?"]
[Date "2017.11.11"]
[Round "5"]
[White "Juanco Elizari, Felix Javier"]
[Black "Aldave Aguado, Adrian"]
[Result "1/2-1/2"]
[WhiteElo "1730"]
[BlackElo "1925"]

1.Nf3 e6 2.d4 Nf6 3.c4 Bb4 4.Bd2 c5 5.g3 d6 6.Bg2 Qc7 7.Qb3 Bxd2 8.Nbxd2 O-O
9.O-O e5 10.dxe5 dxe5 11.Ng5 Nc6 12.e3 Qe7 13.Nde4 Nd7 14.h4 h6 15.Nf3 f5 16.Nc3
e4 17.Ne1 Qe5 18.Nd5 Nf6 19.f4 Qb8 20.Qb5 Qd6 21.Rd1 Nb4 22.Nxf6 Qxf6 23.Qxc5
Qxb2 24.Rf2 Qc3 25.Rfd2 Be6 26.Bf1 b6 27.Qd6 Rfe8 28.Rb1 Qxe3 29.Kg2 Na6 30.Nc2
Qf3 31.Kh2 Rad8 32.Qxd8 Rxd8 33.Rxd8 Kf7 34.Nd4 Qf2 35.Bg2 Nc5 36.Nc6 Nd3 37.Ne5
Nxe5 38.fxe5 Qxa2 39.Rdd1 Qxc4 40.Rbc1 Qe2 41.Re1 Qd2 42.Red1 Qa5 43.Rc7 Kg8
44.Re7 Qxe5 45.Rd8 Kh7 46.Rde8 f4 47.Rxe6 fxg3 48.Kh3 Qb2 49.Bxe4 g6 1/2-1/2

[Event "Cto. Navarra por equipos - Division Hono"]
[Site "?"]
[Date "2017.11.11"]
[Round "5"]
[White "Lizuain Toni, Javier"]
[Black "Ruiz Turrillas, Alfredo"]
[Result "1-0"]
[WhiteElo "1834"]
[BlackElo "1714"]

1.e4 c6 2.d4 d5 3.e5 Bf5 4.Bf4 e6 5.Nf3 Be7 6.Be2 Qb6 7.Nc3 c5 8.Na4 Qa5 9.c3
Nc6 10.Nxc5 Bxc5 11.dxc5 Qxc5 12.Nd4 Be4 13.Be3 Nxd4 14.Bxd4 Qc6 15.Qb3 a6
16.O-O Ne7 17.Qb4 Rc8 18.Rac1 Rc7 19.Bb6 Rd7 20.c4 d4 21.Bd1 Nd5 22.cxd5 Qxc1
23.dxe6 fxe6 24.Bh5 1-0

[Event "Cto. Navarra por equipos - Division Hono"]
[Site "?"]
[Date "2017.11.11"]
[Round "5"]
[White "Jeddi, Abdelkader"]
[Black "Beaumont Arizaleta, Mikel"]
[Result "1-0"]
[WhiteElo "1704"]
[BlackElo "1752"]

1.d4 Nf6 2.Nf3 g6 3.c4 c5 4.d5 b5 5.b3 Bg7 6.Bb2 bxc4 7.bxc4 d6 8.e3 O-O 9.Bd3
Bg4 10.h3 Bxf3 11.Qxf3 Qb6 12.Bc3 Nbd7 13.O-O Ne5 14.Qe2 Rab8 15.f4 Nxd3 16.Qxd3
Nh5 17.Bxg7 Nxg7 18.Nc3 Qa5 19.Rfb1 Qa3 20.Qd2 a6 21.Ne4 Nf5 22.Kf2 Rb4 23.Rxb4
cxb4 24.Rb1 Rb8 25.Rb3 Qa4 26.Nc3 Qe8 27.Qb2 a5 28.g4 Ng7 29.Nb5 Qc8 30.Qd4 h5
31.Kg3 Qc5 32.Qxc5 dxc5 33.e4 hxg4 34.hxg4 a4 35.Rd3 Ne8 36.e5 Rb6 37.d6 exd6
38.exd6 Rxb5 39.cxb5 Nxd6 40.Rxd6 b3 41.axb3 axb3 42.b6 b2 43.Rd1 1-0

[Event "Cto. Navarra por equipos - Division Hono"]
[Site "?"]
[Date "2017.11.11"]
[Round "5"]
[White "Tunon Gonzalo, Eduardo"]
[Black "Marin Salvador, Ruben"]
[Result "0-1"]
[WhiteElo "1637"]
[BlackElo "1645"]

1.d4 Nf6 2.Bg5 e6 3.e4 h6 4.Bxf6 Qxf6 5.Nf3 d5 6.e5 Qd8 7.Bd3 c5 8.c3 Qb6 9.Qe2
Nc6 10.dxc5 Bxc5 11.O-O Bd7 12.Kh1 O-O 13.a3 Qc7 14.Nbd2 f6 15.exf6 Rxf6 16.Nb3
Bd6 17.c4 Raf8 18.cxd5 exd5 19.Bc2 Bg4 20.Qd3 Bxf3 21.gxf3 Bxh2 22.Qxd5 Kh8
23.Qe4 g5 24.Nc5 Bf4 25.Ne6 Qf7 26.Nxf8 Qh5 27.Kg2 Qh2 0-1

[Event "Cto. Navarra por equipos - Division Hono"]
[Site "?"]
[Date "2017.11.11"]
[Round "5"]
[White "Huerga Leache, Mikel"]
[Black "Burguete Archel, Eduardo"]
[Result "1-0"]
[WhiteElo "2449"]
[BlackElo "2207"]

1.Nf3 Nf6 2.g3 g6 3.Bg2 Bg7 4.O-O O-O 5.d4 d6 6.a4 Nc6 7.a5 Rb8 8.b3 e5 9.dxe5
Ng4 10.Ra3 Ngxe5 11.Nxe5 dxe5 12.Be3 Nd4 13.c3 Nb5 14.Ra4 Bf5 15.Be4 Bxe4
16.Rxe4 Qc8 17.Qc1 Qf5 18.Rb4 a6 19.Bh6 Rfd8 20.Bxg7 Kxg7 21.Nd2 Rd7 22.Ne4 Nd4
23.cxd4 Qxe4 24.f3 Qd5 25.dxe5 Qxe5 26.Qa1 Qxa1 27.Rxa1 c6 28.Rc1 Re8 29.Rc2 Re5
30.Ra2 Rb5 31.Rxb5 axb5 32.Kf2 Rd1 33.a6 bxa6 34.Rxa6 Rb1 35.Rxc6 Rxb3 36.g4 h6
37.h4 Rb1 38.Rc5 Kf6 39.h5 b4 40.Rc6 Kg5 41.Rc5 Kf6 42.f4 b3 43.g5 hxg5 44.fxg5
Kg7 45.h6 Kg8 46.Rc8 Kh7 47.Rf8 f5 48.gxf6 Rc1 49.f7 Rc7 50.Rh8 Kxh8 51.f8=Q Kh7
52.Qb4 Rf7 53.Ke3 Kxh6 54.Qxb3 Rf5 55.Kd4 g5 56.Qe6 1-0

[Event "Cto. Navarra por equipos - Division Hono"]
[Site "?"]
[Date "2017.11.11"]
[Round "5"]
[White "Argandona Salinas, Inigo"]
[Black "Estefano Rilova, Fernando"]
[Result "1/2-1/2"]
[WhiteElo "2090"]
[BlackElo "2035"]

1.d4 Nf6 2.Nf3 g6 3.Bf4 d6 4.h3 Bg7 5.Nbd2 O-O 6.e3 Nc6 7.c3 Nd7 8.d5 Nce5 9.Be2
c6 10.Nxe5 Nxe5 11.Nf3 Qb6 12.Bxe5 dxe5 13.dxc6 Qxb2 14.O-O bxc6 15.Qd2 Qxd2
16.Nxd2 Be6 17.c4 Rab8 18.Rab1 Rfd8 19.Rxb8 Rxb8 20.Rb1 Rxb1 21.Nxb1 e4 22.Nd2
f5 23.Nb3 Kf8 24.Kf1 Ke8 25.Ke1 Bc3 26.Kd1 Kd7 27.Nc5 Kd6 28.Nxe6 Kxe6 29.Kc2
Be1 30.f3 exf3 31.Bxf3 Kd6 32.Kd3 e5 33.e4 Kc5 34.exf5 gxf5 35.Bh5 Bh4 36.Be8 e4
37.Ke2 Kd6 38.a4 a5 39.Bf7 Ke5 40.Be8 c5 41.Bd7 Kf4 42.g4 fxg4 43.Bxg4 Bg5
44.Bd7 h6 45.Bb5 Ke5 46.Ba6 Kd4 47.Bb5 Kc3 48.Ba6 Kb3 49.Bb5 Bf4 50.Kd1 e3
51.Ke2 Kb4 52.Kd3 Ka3 53.Ke2 Kb2 54.Ba6 Kc3 55.Bb5 1/2-1/2

[Event "Cto. Navarra por equipos - Division Hono"]
[Site "?"]
[Date "2017.11.11"]
[Round "5"]
[White "Ramos Dominguez, Joaqu"]
[Black "Ojer Lora, Iker"]
[Result "1-0"]
[WhiteElo "2080"]
[BlackElo "2084"]

1.e4 e6 2.d3 d5 3.Nd2 Nf6 4.g3 Be7 5.Bg2 c5 6.Ngf3 b5 7.O-O dxe4 8.dxe4 Bb7
9.Qe2 O-O 10.b3 Qa5 11.Bb2 a6 12.a4 Qb6 13.axb5 axb5 14.Rxa8 Bxa8 15.Ra1 Nc6
16.Bf1 Na7 17.Ne5 Nc6 18.Qxb5 Qxb5 19.Bxb5 Nxe5 20.Bxe5 Nxe4 21.Nxe4 Bxe4 22.c3
g5 23.Ra7 Rd8 24.f3 Rd1 25.Kf2 c4 26.Rxe7 Rd2 27.Ke3 Rd3 28.Ke2 Bxf3 29.Kf2 f6
30.Bxc4 Rd2 31.Ke3 Rxh2 32.Bxf6 g4 33.Bxe6 Kf8 34.Bc4 Rg2 35.Rxh7 Ke8 36.Be5 Rg1
37.Kd4 Re1 38.Bf4 Re4 39.Kc5 Re1 40.b4 Be4 41.Rg7 Bf3 42.b5 Kd8 43.b6 Rh1 44.b7
1-0

[Event "Cto. Navarra por equipos - Division Hono"]
[Site "?"]
[Date "2017.11.11"]
[Round "5"]
[White "Lazkoz Diez, Oskar"]
[Black "Idiazabal Troyas, Aritz"]
[Result "0-1"]
[WhiteElo "1884"]
[BlackElo "2015"]

1.e4 c5 2.Nf3 Nc6 3.d4 cxd4 4.Nxd4 g6 5.Bc4 Bg7 6.Be3 Nf6 7.Nc3 Qa5 8.O-O O-O
9.Bb3 d6 10.h3 Bd7 11.Qd3 Rac8 12.Rfe1 Ne5 13.Qe2 b5 14.a4 bxa4 15.Bxa4 Qb4
16.Bb3 a5 17.Nd5 Nxd5 18.exd5 a4 19.c3 Qb7 20.Ba2 Qc7 21.Bg5 a3 22.Rad1 axb2
23.Qxb2 Ba4 24.Rd2 h6 25.f4 hxg5 26.fxe5 Bxe5 27.c4 Qc5 28.Kh1 Rb8 29.Qc3 Rfc8
30.Qd3 Bxd4 31.Qxd4 Qxd4 32.Rxd4 Rb2 33.Bb1 Bb3 34.Bd3 Kf8 35.Rde4 Rc7 36.Ra1
Rd2 37.Ra8 Kg7 38.Be2 Rc2 39.Re8 Kf6 40.h4 gxh4 41.Bd3 Rc1 42.Kh2 Bxc4 43.Rf4
Kg7 44.Be4 Rd1 45.Bf3 Rd2 46.Rxh4 Bxd5 47.Bxd5 Rxd5 48.Reh8 Kf6 49.Rf8 Rf5 50.g4
Rf4 51.Kg3 e5 52.Re8 Kg5 53.Rh7 Rxg4 54.Kf3 Rf4 55.Ke3 Rc3 0-1

[Event "Cto. Navarra por equipos - Division Hono"]
[Site "?"]
[Date "2017.11.11"]
[Round "5"]
[White "Garralda Ruiz, Ander"]
[Black "Larrea Reta, JAvier"]
[Result "1-0"]
[WhiteElo "1954"]
[BlackElo "1853"]

1.e4 c5 2.Nf3 d6 3.d4 cxd4 4.Nxd4 Nf6 5.f3 a6 6.c4 e5 7.Nc2 Nc6 8.Nc3 Be7 9.Be2
O-O 10.O-O Be6 11.Be3 Nd7 12.Kh1 f5 13.exf5 Bxf5 14.f4 Rc8 15.g4 exf4 16.gxf5
fxe3 17.f6 Nxf6 18.Nxe3 Ne5 19.Ncd5 Kh8 20.Qb3 Rb8 21.Nf4 Qd7 22.Ned5 Nxd5
23.cxd5 Bf6 24.Ne6 Rfe8 25.Rf2 Rbc8 26.Raf1 Qe7 27.Qh3 Rg8 28.Bd1 h6 29.Rxf6
gxf6 30.Qxh6 Qh7 31.Qxf6 Rg7 32.Nxg7 Qxg7 33.Qh4 Qh7 34.Qf6 Qg7 35.Qh4 Qh7
36.Qxh7 Kxh7 37.Bb3 Rc7 38.Rf6 Nf7 39.Kg2 Kg7 40.Re6 Rc5 41.Re7 Rb5 42.h4 a5
43.Kg3 Kf8 44.Re8 Kg7 45.Re7 Rb4 46.h5 Kf8 47.Re2 Ne5 48.Rf2 Kg7 49.Rf4 Rxf4
50.Kxf4 Nd3 51.Kg5 Nxb2 52.h6 Kg8 53.a4 Nd3 54.Kf6 Nc5 55.Bc2 b6 56.Ke7 Nb7
57.Kd7 b5 58.axb5 a4 59.Bxa4 Nc5 60.Kc7 Nxa4 61.b6 Nc5 62.b7 Kh7 63.b8=Q Na6
64.Kb7 1-0

[Event "Cto. Navarra por equipos - Division Hono"]
[Site "?"]
[Date "2017.11.11"]
[Round "5"]
[White "Gonzalez Etayo, Oihana"]
[Black "Huarte Zozaya, Aitor"]
[Result "0-1"]
[WhiteElo "1805"]
[BlackElo "1867"]

1.d4 c5 2.d5 Nf6 3.c4 b5 4.cxb5 a6 5.bxa6 g6 6.Nc3 Bxa6 7.g3 d6 8.Bg2 Bg7 9.Nf3
Nbd7 10.O-O O-O 11.Re1 Qa5 12.e4 Ng4 13.Bg5 Rfb8 14.Rb1 Qd8 15.Bf1 Bxf1 16.Kxf1
Nge5 17.Nxe5 Nxe5 18.Kg2 Rb7 19.h4 Rab8 20.Bc1 Nc4 21.Na4 Nxb2 22.Nxb2 Bxb2
23.Bxb2 Rxb2 24.Rxb2 Rxb2 25.Re2 Rb5 26.Qa4 Qa5 27.Qc4 Qb4 28.Qxb4 Rxb4 29.Kf3
Kg7 30.Ke3 Kf6 31.f4 e6 32.Rd2 e5 33.Rf2 Ra4 34.g4 Ra3 0-1

[Event "Cto. Navarra por equipos - Division Hono"]
[Site "?"]
[Date "2017.11.11"]
[Round "5"]
[White "Malon Insausti, Andres"]
[Black "Gastesi Urroz, Mikel"]
[Result "0-1"]
[WhiteElo "1795"]
[BlackElo "1701"]

1.Nf3 d6 2.e4 Nf6 3.Nc3 Nbd7 4.d4 e5 5.Bc4 Be7 6.O-O h6 7.h3 c6 8.Re1 Qc7 9.a3
Nf8 10.Be3 g5 11.Nh2 Ng6 12.Qf3 Nh4 13.Qd1 Ng6 14.Bc1 Nf4 15.Ne2 Bd7 16.Ng3
O-O-O 17.Ba2 Rh7 18.b4 h5 19.Nf5 Bxf5 20.exf5 Rg8 21.c4 g4 22.h4 g3 23.Bxf4 gxf2
24.Kxf2 exf4 25.Nf3 Ng4 26.Kg1 Ne3 27.Re2 Nxd1 28.Rxd1 Rhg7 29.Rde1 Bf6 30.a4
Qb6 31.Rd1 Qxb4 32.Rdd2 Qc3 33.Rf2 Rg3 34.Kh2 R3g4 35.Rc2 Qa5 36.c5 d5 37.Kh3
Qd8 38.Kh2 Bxh4 39.Rfe2 Bf6 40.a5 Re8 41.Re5 Bxe5 42.Nxe5 Rxe5 0-1

[Event "Cto. Navarra por equipos - Division Hono"]
[Site "?"]
[Date "2017.11.11"]
[Round "5"]
[White "Martinez Ayesa, Aitor"]
[Black "Garbisu de Goni, Unai"]
[Result "0-1"]
[WhiteElo "2045"]
[BlackElo "2411"]

1.Nf3 f5 2.c4 Nf6 3.g3 g6 4.Bg2 Bg7 5.O-O O-O 6.d4 d6 7.Nc3 Qe8 8.b3 e5 9.dxe5
dxe5 10.Nd5 Na6 11.Rb1 e4 12.Ng5 c6 13.Nxf6 Bxf6 14.h4 Qe7 15.Bb2 h6 16.Nh3 g5
17.hxg5 hxg5 18.Bxf6 Qxf6 19.Qd2 f4 20.Kh2 f3 21.exf3 exf3 22.Qxg5 Qxg5 23.Nxg5
fxg2 24.Kxg2 Bf5 25.Rbe1 Rfe8 26.f3 Nc5 27.g4 Bd3 28.Rh1 a5 29.Nh3 a4 30.b4 Na6
31.a3 Bxc4 32.Kg3 Nc7 33.f4 Nb5 34.f5 Nxa3 35.g5 Rxe1 36.Rxe1 Nc2 0-1